Trouvez la station - Métro de Paris #1 - Statistiques

Statistiques générales
  • Ce quiz a été pris 126 fois
  • Le résultat moyen est 11 sur 15
Statistiques - réponses
Question Réponse % Correct
Les batailles de la Seconde Guerre mondiale en Afrique Bir-Hakeim
94%
Les métiers de bouche Poissonnières
89%
Les portes de Paris Porte d'Auteuil
87%
Les pays du monde Argentine
84%
Les écrivains français du XIXe siècle Anatole France
77%
Les Présidents de la IIIe République française Félix Faure
77%
Les principes républicains Liberté
77%
Les massifs montagneux Pyrénées
76%
Les églises Notre-Dame à Paris Notre-Dame-de-Lorette
74%
Les rues de Paris Rue de la Pompe
71%
Les sculpteurs français Falguière
70%
Les forts de l'enceinte de Thiers Fort d'Aubervilliers
68%
Les indépendantistes latino-américains et caribéens Bolivar
67%
Les chefs-lieux de région Rennes
64%
Les chanteuses françaises Barbara
57%
Aucun quiz correspondant
Distribution des résultats
% des personnes avec chaque résultat
Percentile par nombre de réponses
Votre historique - résultats
Vous n’avez pas pris ce quiz